000 00491nam a2200157 i 4500
001 39074
003 ES-MaACL
005 20230906155903.0
007 t|
008 030227s1971 sp ||||1| spa d
100 1 _aCampoy y Miró, Diego de.
_934298
245 1 0 _aFlor de nieve /
_cDiego de Campoy Miró.
260 _a[S.l. :
_bs.n.,
_c1971] (
_eJerez de la Frontera :
_fGráf. del Exportador)
300 _a67 p., 1 lám. :
_b1 retr. aut. ;
_c18 cm.
852 _aES-MaACL
_jC-43863
_bR.77412
999 _c39074
_d39074